Shadow of the bear : (Record no. 126100)

MARC details
000 -LEADER
fixed length control field 00722nam a22002177a 4500
005 - DATE AND TIME OF LATEST TRANSACTION
control field 20170124110004.0
010 ## - LIBRARY OF CONGRESS CONTROL NUMBER
LC control number 646138
020 ## - INTERNATIONAL STANDARD BOOK NUMBER
Terms of availability 00.00
035 ## - SYSTEM CONTROL NUMBER
System control number 646138
037 ## - SOURCE OF ACQUISITION
Source of stock number/acquisition Cen Lib/Ret
040 ## - CATALOGING SOURCE
Original cataloging agency DPL
Language of cataloging EN
082 ## - DEWEY DECIMAL CLASSIFICATION NUMBER
Classification number 341.247
Item number SHA
245 ## - TITLE STATEMENT
Title Shadow of the bear :
Statement of responsibility, etc edited by A.P.Jain
Remainder of title the Indo-Soviet treaty /
260 ## - PUBLICATION, DISTRIBUTION, ETC. (IMPRINT)
Place of publication, distribution, etc New Delhi
Name of publisher, distributor, etc Shri P.K.Deo,M.P.
Date of publication, distribution, etc 1971
270 ## - ADDRESS
City New Delhi
Address 4, South Avenue Lane
300 ## - PHYSICAL DESCRIPTION
Extent x,176p. :
Dimensions 18cm(Hb)
650 ## - SUBJECT ADDED ENTRY--TOPICAL TERM
Topical term or geographic name as entry element Indo-Soviet Treaty of Peace, Friendship, and Cooperation, 1971.
9 (RLIN) 16566
650 ## - SUBJECT ADDED ENTRY--TOPICAL TERM
Topical term or geographic name as entry element India -- Foreign relations -- Russia -- History -- 20th century.
9 (RLIN) 16567
700 ## - ADDED ENTRY--PERSONAL NAME
Personal name Jain, A.P.
9 (RLIN) 16568
942 ## - ADDED ENTRY ELEMENTS (KOHA)
Source of classification or shelving scheme Dewey Decimal Classification
Koha item type English Books
Classification part 341.247
Call number suffix SHA
Holdings
Withdrawn status Lost status Damaged status Not for loan Home library Current library Date acquired Source of acquisition Cost, normal purchase price Total Checkouts Full call number Barcode Date last seen Copy number Cost, replacement price Price effective from Koha item type Public note
Written off       Central Library Central Library 24/06/2015 Cen Lib/Ret 0.00   341.247 SHA 646138 24/06/2015 1 0.00 24/06/2015 English Books Written off on approval by DLB (By Circulation); dtd 15-06-2023

© Delhi Public Library
Hit Counter
free hit counter